Normal view
MARC view
- الغرير، احمد نايل، م.مشارك احمد عبداللطيف ابو اسعد
Entry Personal Name
001 - CONTROL NUMBER
- control field: 62026
003 - CONTROL NUMBER IDENTIFIER
- control field: JO-AjAnu
005 - DATE AND TIME OF LATEST TRANSACTION
- control field: 20230606084130.0
008 - FIXED-LENGTH DATA ELEMENTS
- fixed length control field: 230606|| aca||aabn | a|a d
040 ## - CATALOGING SOURCE
- Original cataloging agency: JO-AjAnu
- Transcribing agency: JO-AjAnu
100 ## - HEADING--PERSONAL NAME
- Personal name: الغرير، احمد نايل، م.مشارك احمد عبداللطيف ابو اسعد
670 ## - SOURCE DATA FOUND
- Source citation: Work cat.: (JO-AjAnu)31634: الغرير، احمد نايل، م.مشارك احمد عبداللطيف ابو اسعد, author, التعامل مع الضغوط النفسية